| 000 | 00678nam a22001937a 4500 | ||
|---|---|---|---|
| 003 | BD-DhUL | ||
| 005 | 20160918172644.0 | ||
| 008 | 160411s2013 bg ||||| |||| 000 0 ben d | ||
| 020 | _a9789848991022 | ||
| 040 |
_aBD-DhUL _cBD-DhUL |
||
| 082 | 0 |
_a954.92 _bJAU |
|
| 100 | 1 | _aজাহিদ, সুরমা | |
| 245 | 1 | 0 |
_a১৯৭১ : সম্ভ্রম হারানো নারীদের করুণ কাহিনী / _cসুরমা জাহিদ |
| 260 |
_aঢাকা : _bঅন্বেষা, _c২০১৩ |
||
| 300 |
_a৩৬৬পৃ. ; _c২২ সেমি. |
||
| 365 |
_aBDT _b400.00 |
||
| 651 | 0 |
_aBangladesh _xHistory |
|
| 942 |
_2ddc _cBK |
||
| 999 |
_c104966 _d104966 |
||